=LDR 00000nam 2200000 4500 =001 INLIS000000000035630 =005 20130612141455 =008 ***********************************Ind** =035 ##$$0010-061300000035630 =041 ##$$a Ind =082 ##$$a 738.1 =090 ##$$a 738.1, Ikh m =100 ##$$a Ichsan, Nurdian =245 ##$$a membuat keramik, cara mudah membentuk keramik dengan tangan =260 ##$$a 2002 $b Bandung =300 ##$$a 48 hlm, ilus, 21 cm =650 ##$$a Keramik =850 ##$$a NBPNMAT